00498nam a2200193 a 4500001001300000003000900013005001700022008004100039020001000080082001600090100001800106245003400124260003200158300000900190500003500199505003400234650001800268700001800286nice12345678IN_TiNIC20260116012952.0050524s1928 dela grp 000 0 ara  ac10000a892.71bALI aAli, Zulfikar aTaleeqat Ali Saba Al Mualaqat aDelhibMujtabai Pressc1928 a128p aincludes index and biblioraphy2 aEight articles bound together aArabic-Poetry1 aAli, Zulfikar